00891nam a2200217Ia 4500003000900000008004100009020002200050040001600072080002600088111008600114245027000200260002900470300002300499650002900522650001200551650001200563650002800575700002700603700002200630700002100652IN-BaIIA211028s9999 xx 000 0 eng d a978-1-4020-8867-4 cIIA Library a523.9-466(082.1)bTUR aKodai-Trieste Workshop on Plasma Astrophysicsn1stcKodaikanald2007 Aug 27-Sep 7 0aTurbulence, dynamos, accretion disks, pulsars and collective plasma processesbproceedings of the first Kodai-Trieste Workshop on plasma Astrophysics, held in Kodaikanal, India , August 27 - Sept.ember 7, 2007cedited by S.S. Hasan, R.T. Gangadhara, and V. Krishan. aNew YorkbSpringerc2009 a[various pagings.] aAstrophysical turbulence aDynamos aPulsars aSolar and Space plasmas aGangadhara, R. T., ed. aHasan, S. S., ed. aKrishan, V., ed.